000 00410 a2200109 4500
001 ART_40608
005 20260410161646.0
008 260409a
245 1 0 _aLa carga de la acreditación de los hechos o de la prueba en los procedimientos de inspección y determinación de oficio
100 1 _aCaranta, Martín R.
773 0 _tConsultor tributario
_g- Año 10, Nº 116 (oct. 2016)
_wREV474
999 _c13831
_d13831